Nepriama fiškálna podpora výskumu, vývoja a inovačného rozvoja v krajinách Európskej únie

Komparatívna analýza nepriamej fiškálnej podpory výskumu, vývoja a inovačného rozvoja v členských krajinách EÚ. Daň z príjmov právnických osôb v krajinách EÚ. Teoretické vymedzenie nepriamej fiškálnej podpory výskumu a vývoja. Porovnanie foriem priamej a nepriamej podpory výskumu a vývoja. Prehľad f...

Descrizione completa

Salvato in:
Dettagli Bibliografici
Autore principale: Bujňáková, Tatiana
Altri autori: Viskupič, Filip, Solík, Ján
Natura: Capitolo di libro
Lingua:slovacco
Soggetti:
Tags: Aggiungi Tag
Nessun Tag, puoi essere il primo ad aggiungerne!!

MARC

LEADER 00000nla$a2200000$$$4500
001 0089189
005 20240502072009.9
041 0 |a slo 
044 |a SK 
245 1 0 |a Nepriama fiškálna podpora výskumu, vývoja a inovačného rozvoja v krajinách Európskej únie  |c Tatiana Bujňáková, Filip Viskupič, Ján Solík 
520 |a Komparatívna analýza nepriamej fiškálnej podpory výskumu, vývoja a inovačného rozvoja v členských krajinách EÚ. Daň z príjmov právnických osôb v krajinách EÚ. Teoretické vymedzenie nepriamej fiškálnej podpory výskumu a vývoja. Porovnanie foriem priamej a nepriamej podpory výskumu a vývoja. Prehľad fiškálnej podpory vedy a výskumu v krajinách EÚ. Prehľad kľúčových prvkov fiškálnej podpory výskumu a vývoja v krajinách EÚ. Hrubé domáce náklady na výskum a vývoj v krajinách EÚ. 
610 2 0 |a výskum 
610 2 0 |a vývoj 
610 2 0 |a inovácia 
610 2 0 |a náklady 
610 2 0 |a dane 
610 2 0 |a úľavy daňové 
610 2 0 |a podnikatelia 
610 2 0 |a podnikanie 
610 2 0 |a analýzy 
610 2 0 |a Európska únia 
100 1 |a Bujňáková, Tatiana 
700 1 |a Viskupič, Filip 
700 1 |a Solík, Ján